Conflicting objectives in decisions

Guardado en:
Detalles Bibliográficos
Otros Autores: Bell, David E.
Formato: Libro
Lenguaje:inglés
Publicado: Chichester Wiley 1978
Colección:International series on applied systems analysis 1
Etiquetas: Agregar Etiqueta
Sin Etiquetas, Sea el primero en etiquetar este registro!

MARC

LEADER 00000nam a2200000 4500
001 0214922
005 20240109105441.6
041 0 |a eng 
044 |a GB 
245 1 0 |a Conflicting objectives in decisions  |c ed. David E. Bell 
264 1 |a Chichester  |b Wiley  |c 1978 
300 |a 442 s. 
490 1 |a International series on applied systems analysis  |v 1 
830 0 |a International series on applied systems analysis  |v 1 
700 1 |a Bell, David E.